|
|
|
|
| LEADER |
01383nam a2200301 u 4500 |
| 001 |
10074358 |
| 003 |
upatras |
| 005 |
20210224092117.0 |
| 008 |
090519s2001 us eng |
| 020 |
|
|
|a 0500237905
|
| 040 |
|
|
|a ΠΑΝΕΠΙΣΤΗΜΙΟ ΠΑΤΡΑΣ
|c ΠΑΝΕΠΙΣΤΗΜΙΟ ΠΑΤΡΑΣ
|
| 041 |
0 |
|
|a eng
|
| 082 |
0 |
4 |
|a 700.74
|
| 100 |
1 |
|
|a Putman, James
|9 74001
|
| 245 |
1 |
0 |
|a Art and artifact
|b the museum as medium
|c James Putnam
|
| 260 |
|
|
|a New York
|b Thames & Hudson
|c 2001
|
| 300 |
|
|
|a 208 p.
|b ill.
|c 29 cm.
|
| 504 |
|
|
|a Includes bibliography and index
|
| 650 |
|
4 |
|a Τέχνη
|x Εκθέσεις
|9 6242
|
| 650 |
|
4 |
|a Μουσεία
|x Εκθέματα
|9 48755
|
| 650 |
|
4 |
|a Μουσεία
|x Διοίκηση και οργάνωση
|9 9904
|
| 852 |
|
|
|a GR-PaULI
|b ΠΑΤΡΑ
|b ΑΡΧΙΤΕΚΤΟΝΙΚΗ
|k ΑΣΧΞ-2
|h 700.74 PUT
|m 006619
|p 025000156124
|t 1
|
| 852 |
|
|
|a GR-PaULI
|b ΠΑΤΡΑ
|b ΑΡΧΙΤΕΚΤΟΝΙΚΗ
|k ΑΣΧΞ-2
|h 700.74 PUT
|m 006618
|p 025000156125
|t 2
|
| 942 |
|
|
|2 ddc
|c BK15
|
| 952 |
|
|
|0 0
|1 0
|4 0
|6 700_740000000000000_PUT
|7 0
|9 75833
|a ARCH
|b ARCH
|d 2016-04-24
|i 006619
|l 0
|o 700.74 PUT
|p 025000156124
|r 2016-04-24 00:00:00
|t 1
|w 2016-04-24
|y BK15
|
| 952 |
|
|
|0 0
|1 0
|4 0
|6 700_740000000000000_PUT
|7 0
|9 75834
|a ARCH
|b ARCH
|d 2016-04-24
|i 006618
|l 0
|o 700.74 PUT
|p 025000156125
|r 2016-04-24 00:00:00
|t 2
|w 2016-04-24
|y BK15
|
| 998 |
|
|
|c Λοτσάρη
|d 2009-05
|
| 999 |
|
|
|c 50603
|d 50603
|